Mornington Peninsula National Park and Arthurs Seat State Park management plan /

Сохранить в:
Библиографические подробности
Соавтор: Parks Victoria
Формат:
Язык:English
Опубликовано: Kew, Vic. : Parks Victoria, 1998.
Предметы:
LEADER 01297cam a2200313 a 4500
001 c000283427
003 CARM
005 20080623144730.0
008 970902s1997 vrabf b 000 0 eng d
019 1 |a 13387143  |5 LACONCORD2021 
020 |a 073066743X (pbk.) 
035 |a (OCoLC)38821468  |5 LACONCORD2021 
040 |a ANB:REV  |b eng  |c ANB:REV  |d ANB:REV  |d VCAV 
042 |a anuc 
043 |a u-at-vi 
082 0 4 |a 333.783099452  |2 21 
110 2 |a Parks Victoria. 
245 1 0 |a Mornington Peninsula National Park and Arthurs Seat State Park management plan /  |c Parks Victoria. 
260 |a Kew, Vic. :  |b Parks Victoria,  |c 1998. 
300 |a x, 96 p., [5] leaves of plates (4 folded) :  |b maps ;  |c 30 cm. 
500 |a "May 1998" 
504 |a Includes bibliographical references (p. 87-88) 
650 0 |a National parks and reserves  |z Victoria  |z Mornington Peninsula  |x Management. 
650 0 |a National parks and reserves  |z Victoria  |z Arthurs Seat  |x Management. 
651 0 |a Mornington Peninsula National Park (Vic.) 
651 0 |a Arthurs Seat State Park (Vic.) 
852 8 |b CARM  |h A2:AG22D0  |i F04107  |p 0469961  |f BK 
999 f f |i ed210406-9ce5-5756-a72f-37d465e355e6  |s d427f79e-9044-5873-9feb-ef3a6edaa6a3 
952 f f |p Can circulate  |a CAVAL  |b CAVAL  |c CAVAL  |d CARM 1 Store  |e F04107  |f A2:AG22D0  |h Other scheme  |i book  |m 0469961